Normal view
MARC view
- Dr Azhar ul Haq Lt Col Aqib Parwaiz
Entry Personal Name
001 - CONTROL NUMBER
- control field: 73007
003 - CONTROL NUMBER IDENTIFIER
- control field: NUST
005 - DATE AND TIME OF LATEST TRANSACTION
- control field: 20210628204942.0
008 - FIXED-LENGTH DATA ELEMENTS
- fixed length control field: 210628|| aca||aabn | a|a d
040 ## - CATALOGING SOURCE
- Original cataloging agency: NUST
- Transcribing agency: NUST
100 ## - HEADING--PERSONAL NAME
- Personal name: Dr Azhar ul Haq Lt Col Aqib Parwaiz
670 ## - SOURCE DATA FOUND
- Source citation: Work cat.: (NUST): Muhammad Adeel Aish Shahzaib Sikandar 73005, PR-SOF-1893-Run of River (ROR) Water to Volts, 2020
